| 000 -LEADER |
| fixed length control field |
00294nam a2200109 4500 |
| 003 - CONTROL NUMBER IDENTIFIER |
| control field |
OSt |
| 005 - DATE AND TIME OF LATEST TRANSACTION |
| control field |
20221109175950.0 |
| 008 - FIXED-LENGTH DATA ELEMENTS--GENERAL INFORMATION |
| fixed length control field |
221109b ||||| |||| 00| 0 eng d |
| 245 ## - TITLE STATEMENT |
| Title |
Design aids for reinforced concrete to IS:456-1978 |
| 260 ## - PUBLICATION, DISTRIBUTION, ETC. (IMPRINT) |
| Name of publisher, distributor, etc |
Bureau of Indian standards -New Delhi |
| 942 ## - ADDED ENTRY ELEMENTS (KOHA) |
| Source of classification or shelving scheme |
|